000 00526nam a22001817a 4500
008 230503b |||||||| |||| 00| 0 eng d
040 _aNational Science Library
_cNational Science Library
080 _a546:541.28
_bK2.4
245 _aAdvances in inorganic chemistry and radiochemistry
260 _aNew York:
_bAcademic Press,
_c1964
300 _aviii, 344p.
500 _aVol. 4
650 _aScience
653 _aRadiochemistry
700 _aEmeleus, H J (Ed.)
700 _aSharpe, A G (Ed.)
942 _2udc
_cBK
999 _c58228
_d58228